Biblioteca
Vista normal Vista MARC
  • Humanismo cristiano

Entrada Tema o Materia

Número de registros utilizados en: 1

001 - NUMERO DE CONTROL

  • Campo de control: 7309

003 - IDENTIFICADOR DEL NUMERO DE CONTROL

  • Campo de control: SpMaBN

005 - HORA Y FECHA DE LA ULTIMA TRANSACCIÓN

  • Campo de control: 20220708172040.0

008 - CAMPO DE LONGITUD FIJA

  • Campo fijo de descripción fija: 901201dn anznnbabn |a ana

016 ## -

  • : BNE19900995092

024 7# -

  • : http://id.loc.gov/authorities/subjects/sh85025287
  • : lcsh

040 ## -

  • : SpMaBN
  • : spa
  • : SpMaBN
  • : rdc
  • : embne

042 ## -

  • : 200304081657PCMPBC BNEP 00

150 ## - ENCABEZAMIENTO DE MATERIA-TEMA

  • Téma o Materia: Humanismo cristiano

450 ## - REFERENCIA DE ENVIO “VEASE” - MATERIA

  • Encabezamiento temático : Cristianismo y humanismo religioso

450 ## - REFERENCIA DE ENVIO “VEASE” - MATERIA

  • Encabezamiento temático : Humanismo religioso y cristianismo

550 ## - REFERENCIA DE ENVIO "VEASE ADEMAS" - MATERIA

  • Subcampo de control: g
  • Encabezamiento temático o nombre geográfico como elemento de entrada: Cristianismo y cultura

550 ## - REFERENCIA DE ENVIO "VEASE ADEMAS" - MATERIA

  • Encabezamiento temático o nombre geográfico como elemento de entrada: Humanismo (Filosofía)

670 ## - FUENTE EN LA QUE SE LOCALIZARON DATOS

  • Cita de la fuente : LCSH
  • Información localizada : (Christianity and religious humanism)

670 ## - FUENTE EN LA QUE SE LOCALIZARON DATOS

  • Cita de la fuente : EMBUS
  • Información localizada : (Cristianismo y humanismo religioso)

670 ## - FUENTE EN LA QUE SE LOCALIZARON DATOS

  • Cita de la fuente : RAMEAU
  • Información localizada : (Christianisme et humanisme religieux)

750 #7 - ASIENTO LIGADO AL ENCABEZAMIENTO - TEMATICO

  • Encabezamiento temático : Christianity and religious humanism
  • Source of heading or term: lcsh

901 ## -

  • : LAEMBNE

961 ## -

  • : Humanismo cristiano

Biblioteca FUSBC | Teléfono: (57+4) 349 88 10 Ext. 141| WhatsApp (+57) 3005338115 
E-mail: biblioteca@unisbc.edu.co | Calle 76 87-14 Robledo Palenque, Medellín, Colombia

Con tecnología Koha